000 00675nam a2200241 a 4500
001 4700138
003 OSt
005 20240530110931.0
008 830301s1981 hu a 000 0 eng
010 _a 82110742
020 _a9631311759 (pbk.)
040 _aDLC
_cDLC
_dDLC
041 1 _aenghun
043 _ae-hu---
082 0 0 _a980.9439
_221
_bK S
100 1 _aKIADO, CORVINA
245 1 2 _aA short history of musical life in Hungary /
_cKIADO, CORVINA
260 _aBudapest :
_bCorvina,
_c1981.
300 _a48 p. :
_bill. ;
_c20 cm.
650 0 _aMusic
_zHungary
_xHistory and criticism.
906 _a7
_bcbc
_corignew
_d3
_encip
_f19
_gy-gencatlg
942 _2ddc
_cBK
999 _c66651
_d66651